00523nam a22001577a 4500003000900000008004100009040007100050082001700121100002900138245004000167260003200207300005200239505004300291650001400334650001700348AR-CdUCM190513b ||||| |||| 00| 0 spa d aMUNICIPALIDAD PROVINCIAL DEL CUSCOcBIBLIOTECA MUNICIPAL DEL CUSCO a927.8 /bM99 aMuñoz Pérez, Antonio aJ. S. Bach :bSu vida y sus obras / aParis :bHispano-Americana, a182 paginas ;bIlustraciones, retratos,c19 cm. aContenido :. S. Bach su vida y obras / aBiografia aBibliografia